书目信息 |
| 题名: |
面向森林生长的建模、计算和仿真技术
|
|
| 作者: | 范菁 , 董天阳 著 | |
| 分册: | ||
| 出版信息: | 北京 科学出版社 2024 |
|
| 页数: | 194页 | |
| 开本: | 24cm | |
| 丛书名: | 智能科学技术著作丛书 | |
| 单 册: | ||
| 中图分类: | S718-39 | |
| 科图分类: | ||
| 主题词: | 数字技术--应用--森林--植物生长--可视化仿真 | |
| 电子资源: | ||
| ISBN: | 978-7-03-078058-4 | |
| 000 | 01217oam2 2200277 450 | |
| 001 | 012466122 | |
| 005 | 20240402232312.0 | |
| 010 | @a978-7-03-078058-4@dCNY108.00 | |
| 100 | @a20240327d2024 em y0chiy0120 ea | |
| 101 | 0 | @achi |
| 102 | @aCN@b110000 | |
| 105 | @aa z 000yy | |
| 106 | @ar | |
| 200 | 1 | @a面向森林生长的建模、计算和仿真技术@9mian xiang sen lin sheng chang de jian mo、ji suan he fang zhen ji shu@f范菁,董天阳著 |
| 210 | @a北京@c科学出版社@d2024 | |
| 215 | @a194页@c图@d24cm | |
| 225 | 1 | @a智能科学技术著作丛书 |
| 330 | @a本书以虚拟森林仿真中的生长计算加速和场景快速可视化技术为线索,结合森林生长的知识建模和数据组织,详细阐述虚拟森林快速仿真方向研究的前沿技术。《面向森林生长的建模、计算和仿真技术》共7章,第1章介绍森林生长仿真技术的发展与现状,引出森林生长仿真中存在的问题;第2章描述森林生长仿真的知识表达,通过对森林知识建模为虚拟森林生长的快速仿真提供基础;第3章阐述大规模森林场景数据的组织算法。 | |
| 461 | 0 | @12001 @a智能科学技术著作丛书 |
| 586 | @a | |
| 606 | 0 | @a数字技术@x应用@x森林@x植物生长@x可视化仿真 |
| 690 | @aS718-39@v5 | |
| 701 | 0 | @a范菁@9fan jing@4著 |
| 701 | 0 | @a董天阳@9dong tian yang@4著 |
| 801 | 0 | @aCN@c20240402 |
| 905 | @dS718-39@eF112@f1@sS718-39/F112@S@Z | |
| 面向森林生长的建模、计算和仿真技术/范菁,董天阳著.-北京:科学出版社,2024 |
| 194页:图;24cm.-(智能科学技术著作丛书) |
| ISBN 978-7-03-078058-4:CNY108.00 |
| 本书以虚拟森林仿真中的生长计算加速和场景快速可视化技术为线索,结合森林生长的知识建模和数据组织,详细阐述虚拟森林快速仿真方向研究的前沿技术。《面向森林生长的建模、计算和仿真技术》共7章,第1章介绍森林生长仿真技术的发展与现状,引出森林生长仿真中存在的问题;第2章描述森林生长仿真的知识表达,通过对森林知识建模为虚拟森林生长的快速仿真提供基础;第3章阐述大规模森林场景数据的组织算法。 |
| ● |
| 相关链接 |
|
|
|
正题名:面向森林生长的建模、计算和仿真技术
索取号:S718-39/F112
 
预约/预借
| 序号 | 登录号 | 条形码 | 馆藏地/架位号 | 状态 | 备注 |
| 1 | 21618470 | 216184705 | 自科库401/401自科库 68排7列2层/ [索取号:S718-39/F112] | 在馆 |